00670nam a22002171 450000500170000000800410001701000140005802000270007203500130009903700150011204000180012708200160014524500770016126000480023827000590028630000260034565000250037170000170039670000170041370000220043020090601122834.0721219s1962 nyu 000 0 eng  aENG-93799 a9788131305317c1495.00 aEN-77332 bDBAD / PUB adplbEnglish  a634.9560954 aAfforestation /cedited by M.P. Singh, B.C. Oraon [and] Narendra Prasad  aNew DelhibAPH Publishing Corporationc2009 a4435-36/7, Ansari Road, Daryaganj,bNew Delhi e110002 avi, 463 p.c23cm(Hb)  aAfforestationzIndia aSingh, M.P.  aOraon, B.C.  aPrasad, Narendra